| 000 -LEADER |
| fixed length control field |
01537cam a2200385 a 4500 |
| 001 - CONTROL NUMBER |
| control field |
14822505 |
| 005 - DATE AND TIME OF LATEST TRANSACTION |
| control field |
20170105102844.0 |
| 008 - FIXED-LENGTH DATA ELEMENTS--GENERAL INFORMATION |
| fixed length control field |
070425s2005 enka b 000 0 eng d |
| 010 ## - LIBRARY OF CONGRESS CONTROL NUMBER |
| LC control number |
2007273960 |
| 020 ## - INTERNATIONAL STANDARD BOOK NUMBER |
| International Standard Book Number |
1844072525 (pbk.) |
| 020 ## - INTERNATIONAL STANDARD BOOK NUMBER |
| International Standard Book Number |
9781844072521 |
| 035 ## - SYSTEM CONTROL NUMBER |
| System control number |
(OCoLC)ocm62071825 |
| 040 ## - CATALOGING SOURCE |
| Original cataloging agency |
LWU |
| Transcribing agency |
LWU |
| Modifying agency |
BAKER |
| -- |
YDXCP |
| -- |
DLC |
| 042 ## - AUTHENTICATION CODE |
| Authentication code |
lccopycat |
| 043 ## - GEOGRAPHIC AREA CODE |
| Geographic area code |
d------ |
| 050 00 - LIBRARY OF CONGRESS CALL NUMBER |
| Classification number |
HC59.7 |
| Item number |
.I5949 2005 |
| 082 ## - DEWEY DECIMAL CLASSIFICATION NUMBER |
| Edition number |
338.91091724 |
| 245 00 - TITLE STATEMENT |
| Title |
Investing in development : |
| Remainder of title |
a practical plan to achieve the Millennium Development Goals. |
| Name of part/section of a work |
CIPSOverview / |
| Statement of responsibility, etc. |
UN Millennium Project, Jeffrey D. Sachs, director. |
| 260 ## - PUBLICATION, DISTRIBUTION, ETC. |
| Place of publication, distribution, etc. |
[London ; |
| -- |
Sterling, Va. : |
| Name of publisher, distributor, etc. |
Earthscan], |
| Date of publication, distribution, etc. |
c2005. |
| 300 ## - PHYSICAL DESCRIPTION |
| Extent |
xvi, 74 p. : |
| Other physical details |
ill., maps ; |
| Dimensions |
26 cm. |
| 500 ## - GENERAL NOTE |
| General note |
"2005 New York." |
| 500 ## - GENERAL NOTE |
| General note |
"Millennium Project, report to the UN Secretary General"--Cover. |
| 500 ## - GENERAL NOTE |
| General note |
Sponsored by the United Nations Development Programme on behalf of the UN Development Group. |
| 504 ## - BIBLIOGRAPHY, ETC. NOTE |
| Bibliography, etc. note |
Includes bibliographical references (p. 65-68). |
| 610 20 - SUBJECT ADDED ENTRY--CORPORATE NAME |
| Corporate name or jurisdiction name as entry element |
UN Millennium Project. |
| 650 #0 - SUBJECT ADDED ENTRY--TOPICAL TERM |
| Topical term or geographic name entry element |
Humanitarian assistance. |
| 651 #0 - SUBJECT ADDED ENTRY--GEOGRAPHIC NAME |
| Geographic name |
Developing countries |
| General subdivision |
Economic policy. |
| 700 1# - ADDED ENTRY--PERSONAL NAME |
| Personal name |
Sachs, Jeffrey. |
| 710 2# - ADDED ENTRY--CORPORATE NAME |
| Corporate name or jurisdiction name as entry element |
UN Millennium Project. |
| 710 2# - ADDED ENTRY--CORPORATE NAME |
| Corporate name or jurisdiction name as entry element |
United Nations Development Programme. |
| 856 41 - ELECTRONIC LOCATION AND ACCESS |
| Materials specified |
Table of contents only |
| Uniform Resource Identifier |
<a href="http://www.loc.gov/catdir/toc/fy0710/2007273960.html">http://www.loc.gov/catdir/toc/fy0710/2007273960.html</a> |
| 906 ## - LOCAL DATA ELEMENT F, LDF (RLIN) |
| a |
7 |
| b |
cbc |
| c |
copycat |
| d |
2 |
| e |
ncip |
| f |
20 |
| g |
y-gencatlg |
| 942 ## - ADDED ENTRY ELEMENTS (KOHA) |
| Source of classification or shelving scheme |
|
| Koha item type |
Book |